[Event "FRA-chT4 0203"]
[Site "Champagne Ardenne"]
[Date "2002.11.17"]
[Round "2"]
[White "Melin, Georges"]
[Black "Alexandre, Roland"]
[Result "0-1"]
[WhiteElo "1760"]
[BlackElo "1680"]
[PlyCount "68"]
[EventDate "2002.10.02"]
[EventType "team"]
[EventRounds "7"]
[EventCountry "FRA"]
[SourceTitle "EXT 2005"]
[Source "ChessBase"]
[SourceDate "2004.11.15"]
[SourceVersion "1"]
[SourceVersionDate "2004.11.15"]
[SourceQuality "1"]

1. Nf3 Nf6 2. g3 d5 3. Bg2 e6 4. 0-0 Be7 5. b3 0-0 6. Ba3 c6 7. d4 Bxa3 8. Nxa3 Qa5 9. Nb1 Nbd7 10. Qd2 Qc7 11. c4 b6 12. Nc3 Bb7 13. cxd5 exd5 14. Rfc1 Qd6 15. Rc2 Rac8 16. Rac1 h6 17. Nh4 Qe6 18. Qd3 Rcd8 19. Nf5 Nb8 20. b4 Ba6 21. Qf3 Bc8 22. Bh3 Qe8 23. Nxh6+ gxh6 24. Bxc8 Rd6 25. Bf5 Nh7 26. Qf4 Qe7 27. Bxh7+ Kxh7 28. Nd1 f5 29. Rc3 Re6 30. Re3 Rxe3 31. Nxe3 Kg6 32. g4 fxg4 33. Qxg4+ Kh7 34. Kf1 Qxe3 0-1

[Event "FRA-ch op-B"]
[Site "Val d'Isere"]
[Date "2002.08.??"]
[Round "6.60"]
[White "Alexandre, Roland"]
[Black "Bregoli, Andre"]
[Result "0-1"]
[WhiteElo "1690"]
[BlackElo "1800"]
[PlyCount "59"]
[EventDate "2002.08.20"]
[EventType "swiss"]
[EventRounds "11"]
[EventCountry "FRA"]
[SourceTitle "EXT 2003"]
[Source "ChessBase"]
[SourceDate "2002.11.25"]
[SourceVersion "1"]
[SourceVersionDate "2002.11.25"]
[SourceQuality "1"]

1. e4 e6 2. d4 d5 3. e5 c5 4. c3 Nc6 5. Nf3 Qb6 6. a3 cxd4 7. cxd4 Nh6 8. Bd3 Nf5 9. Bxf5 exf5 10. b4 Be6 11. 0-0 Be7 12. Nc3 0-0 13. Rb1 a6 14. Be3 Rfc8 15. Na4 Qc7 16. Nc5 b6 17. Nd3 b5 18. Nc5 a5 19. Nxe6 fxe6 20. Ng5 Bxg5 21. Bxg5 axb4 22. axb4 Ra4 23. Qd2 Qb6 24. Rbc1 Rca8 25. h4 Ra2 26. Rc2 Ra1 27. Rfc1 Nxd4 28. Be3 Rxc1+ 29. Qxc1 Nxc2 30. Qxc2 0-1

[Event "Ardennes-ch 0102"]
[Site "Ardennes"]
[Date "2001.??.??"]
[Round "?"]
[White "Camus, Berenger"]
[Black "Alexandre, Roland"]
[Result "1-0"]
[WhiteElo "2060"]
[BlackElo "1690"]
[PlyCount "79"]
[EventDate "2001.??.??"]
[EventType "swiss"]
[EventRounds "9"]
[EventCountry "FRA"]
[SourceTitle "EXT 2008"]
[Source "ChessBase"]
[SourceDate "2007.11.25"]
[SourceVersion "1"]
[SourceVersionDate "2007.11.25"]
[SourceQuality "1"]

1. d4 Nf6 2. c4 c5 3. d5 e6 4. Nc3 exd5 5. cxd5 d6 6. e4 a6 7. a4 Be7 8. Be2 0-0 9. f4 Nbd7 10. Nf3 h6 11. 0-0 Qc7 12. Bc4 Nb6 13. Bb3 Bg4 14. h3 Bh5 15. Bc2 Nbd7 16. Be3 Rab8 17. Qd2 Bg6 18. g4 Ne8 19. Rf2 Nb6 20. Bd3 Nd7 21. h4 c4 22. Bc2 Nc5 23. f5 Bh7 24. Bxh6 gxh6 25. Qxh6 f6 26. g5 Rf7 27. g6 Bf8 28. gxf7+ Qxf7 29. Qf4 Nd3 30. Bxd3 cxd3 31. Nd4 Ng7 32. Ne6 Nxe6 33. dxe6 Qh5 34. Nd5 Kh8 35. Nxf6 Qh6 36. Qxh6 Bxh6 37. Nxh7 Kxh7 38. Rd1 Be3 39. Rxd3 Rg8+ 40. Kf1 1-0